LEADER 01583nam a2200277 i 4500 001 000000247603 003 CaOOAMICUS 005 20250129095435.0 008 160125s1730 it u000 u ita u 026 $ae-a. ,eel iuva noch (3) 1730 (R) 040 $aSeMil$bita 100 1 $aGalluzzi, Francesco Maria,$d<1671-1731>.$0(OLS)http://semarc/name/41097 245 10$aVita della serva di Dio Sulpizia Lazzari vergine secolare di Cittą di Castello, descritta da Francesco Maria Galluzzi della Compagnia di Giesł, e dedicata all'illustriss. e reverendiss. signore, monsignor fr. Bartolomeo Ruspoli ... 260 $aIn Roma :$bNella Stamperia di S. Michele a Ripa,$c1730. 300 $a[16], 124 p., [1] carta di tav :$britr. ;$c4°. 500 $aFront. stampato in rosso e nero 500 $aSegn.: a-b4 A-O4 P6 500 $aFregi, iniz. xilogr. 500 $aCors. ; rom. 650 4$aReligiose - Biografie.$0(OLS)http://semarc/subject/2046 710 2 $aStamperia di San Michele a Ripa$b.$0(OLS)http://semarc/name/14302 850 $aSeMil 852 $aSeMil$W1$xVenegono$y1$m3H IV 10 FA$j197949$B197949$CSeMilBibl$Z2$F209196 $8I 996 $6245$aVita della serva di Dio Sulpizia Lazzari vergine secolare di Cittą di Castello, descritta da Francesco Maria Galluzzi della Compagnia di Giesł, e dedicata all'illustriss. e reverendiss. signore, monsignor fr. Bartolomeo Ruspoli ...$9(OLS)http://semarc/title/349596 996 $6260$aIn Roma :$bNella Stamperia di S. Michele a Ripa$9(OLS)http://semarc/publisher/55170 LEADER 01130nam a2200277 i 4500 001 000000121677 003 CaOOAMICUS 005 20040107000000.0 008 040107s1982 it u000 u ita u 013 $a94372 040 $aSeMil$bita 100 1 $aBukofzer, Manfred F.$0(OLS)http://semarc/name/50590 240 10$aMusic in the Baroque Era : From Monteverdi to Bach.$0(OLS)http://semarc/title/179175 245 13$aLa musica barocca /$cManfred F. Bukofzer. 260 $aMilano :$bRusconi,$c1982. 300 $a714 p., [16] p. di tav. :$bill., notazioni musicali ;$c22 cm. 490 0 $aLa musica 500 $aContiene : [5] Appendici ; Bibliografia. - Fondo Card. C.M. Martini. 650 4$aMusica - Storia - Barocco.$0(OLS)http://semarc/subject/23044 830 3$aLa musica.$0(OLS)http://semarc/title/9424 850 $aSeMil 852 $aSeMil$W1$xVenegono$y1$m3Q V 24$j76737$B76737$CSeMilBibl$Z2$F78302 $81 941 1 $a4 961 $aOmaggio: Martini Card. Carlo Maria 996 $6245$aLa musica barocca$9(OLS)http://semarc/title/179174 996 $6260$aMilano :$bRusconi$9(OLS)http://semarc/publisher/30258